Statistics for British singers by hit songs

Click here to take the quiz!

General Stats

  • This quiz has been taken 91 times
  • The average score is 16 of 35

Answer Stats

songsArtist% Correct
Shape of you, Sing, Castle on the hillEd Sheeran
93%
Hello, someone like you, rolling in the deepAdele
92%
Watermelon SugarHarry Styles
82%
last christmasGeorge Michael
70%
back to blackAmy Winehouse
66%
Angels, candy, let me entertain youRobbie Williams
66%
saturday nights alright, your songElton John
64%
take me to churchHozier
64%
price tag, dominojessie j
63%
love me like you do, burnEllie goulding
58%
starman,David Bowie
55%
dont start now, new rulesDua Lipa
55%
Paradise, hymn for the weekend, something just like thisColdplay
53%
delilah, Its not unusualTom Jones
53%
wings, sweet melody, woman like me, salute, shout out to my exLittle mix
52%
Slow hands, nice to meet yaNiall Horan
49%
im not the only one, writing on the wallSam smith
48%
Karma ChameleonBoy George
47%
summer, feels, this is what we came forCalvin Harris
44%
2002, friends, ciao adiosAnne marie
42%
troublemaker, dancde with me tonightOlly Murs
42%
wonderful christmastimePaul McCartney
41%
rule the world, the greatest day, the floodTake That
41%
my favourite things, supercalifragilisticexpialidiousJulie Andrews
38%
Bedroom floor, familiarLiam payne
37%
say you wont let goJames arthur
33%
i dreamed a dream, wild horsesSusan Boyle
30%
bring it all back, reachS Club 7
23%
sax, favourite thingFleur East
22%
ghost, we got loveElla Henderson
21%
Earthquake, still dont know my nameLabrinth
12%
King, DesireYears and Years
12%
Bad Boys, Start without youAlexandra Burke
7%
hold back the riverJames Blunt
7%
Notorious, 30 days, what about usthe Saturdays
5%

Score Distribution

Percentile by Number Answered

Percent of People with Each Score

Your Score History

You have not taken this quiz